[Event "Campeonato de Aragón por Equipos 2008 "]
[Site "Aragón"]
[Date "2008.04.12"]
[Round "9.52"]
[White "Santorroman Jovellar Javier"]
[Black "Ferrer  Francisco Javier"]
[Result "1/2-1/2"]
[WhiteElo "1822"]
[BlackElo "1997"]

1.Nc3 c5 2.Nf3 Nc6 3.d4 cxd4 4.Nxd4 Nf6 5.Bg5 Qb6 6.Bxf6 gxf6 7.Nb3 e6 8.Ne4
Qb4+ 9.Nc3 a6 10.e3 d5 11.Qf3 Qe7 12.O-O-O f5 13.h3 Ne5 14.Qf4 Bg7 15.g4 Ng6
16.Qa4+ Bd7 17.Bb5 Bxc3 18.Bxd7+ Qxd7 19.Qxd7+ Kxd7 20.bxc3 fxg4 21.c4 gxh3
22.cxd5 Rac8 23.dxe6+ Kxe6 24.Rxh3 h5 25.Nd4+ Kf6 26.Rdh1 h4 27.f4 Rc3 28.Kb2
Rhc8 29.f5 Ne5 30.e4 Rxh3 31.Rxh3 Rc4 32.c3 Nc6 33.Nxc6 bxc6 34.Rxh4 Ke5 35.
Rh7 Rxe4 36.Rxf7 Rf4 37.Kb3 Kd5 38.f6 Kd6 39.Rf8 1/2-1/2

[Event "Campeonato de Aragón por Equipos 2008 "]
[Site "Aragón"]
[Date "2008.04.12"]
[Round "9.53"]
[White "Navarro Alonso Jorge Luis"]
[Black "Luis Vitalla Fernando"]
[Result "1/2-1/2"]
[WhiteElo "2136"]
[BlackElo "2199"]

1.e4 e5 2.Nf3 Nc6 3.Bb5 a6 4.Ba4 Nf6 5.O-O Nxe4 6.d4 b5 7.Bb3 d5 8.dxe5 Be6 9.
Qe2 Be7 10.Rd1 O-O 11.c4 bxc4 12.Bxc4 Bc5 13.Be3 Bxe3 14.Qxe3 Qb8 15.Bb3 Qb6
16.Qe2 Ne7 17.Nbd2 Nxd2 18.Rxd2 c5 19.Bc2 Rad8 20.Rad1 h6 21.Qd3 Bf5 22.Qa3
1/2-1/2

[Event "Campeonato de Aragón por Equipos 2008 "]
[Site "Aragón"]
[Date "2008.04.12"]
[Round "9.54"]
[White "Gella Lopez Angel"]
[Black "Jaques Burguete Raul"]
[Result "0-1"]
[WhiteElo "2094"]
[BlackElo "2127"]

1.d4 d5 2.c4 c6 3.Nf3 e6 4.Qc2 Nf6 5.g3 Nbd7 6.Bg2 Bb4+ 7.Bd2 Qe7 8.O-O Bxd2
9.Nbxd2 e5 10.e4 dxc4 11.Nxc4 exd4 12.e5 Ng4 13.h3 Nh6 14.Nd6+ Kf8 15.Rfe1 g6
16.Qe4 Nc5 17.Qxd4 Ne6 18.Qc3 Kg7 19.Rad1 Rf8 20.Rd2 Rb8 21.Red1 c5 22.g4 a6
23.a4 b5 24.axb5 axb5 25.Qe3 b4 26.Bf1 Bb7 27.Nxb7 Rxb7 28.Bc4 Rc7 29.Rd6 Nd8
30.Ng5 Nb7 31.R6d2 Na5 32.Bb5 Nc6 33.Bxc6 Rxc6 34.Rd7 Qe8 35.e6 Qb8 36.e7 Re8
37.Rd8 Rc8 38.Rxc8 Qxc8 39.Rd5 Ng8 40.Rxc5 Qd7 41.Qe5+ f6 42.Ne6+ Kf7 43.Nd8+
Kg7 44.Qc7 Qd1+ 45.Kg2 Rxe7 46.Ne6+ Kf7 47.Nd8+ Kf8 48.Qb6 h5 49.Nc6 Re1 50.
Qb8+ Kg7 51.Qc7+ Ne7 52.Nxe7 Rg1+ 53.Kh2 Rh1+ 54.Kg3 Qd3+ 55.f3 h4+ 56.Kf2
Qd2# 0-1

[Event "Campeonato de Aragón por Equipos 2008 "]
[Site "Aragón"]
[Date "2008.04.12"]
[Round "9.55"]
[White "Pellicer Coloma Pedro"]
[Black "Laplaza Ara Carlos"]
[Result "1-0"]
[WhiteElo "1985"]
[BlackElo "2008"]

1.d4 d5 2.f4 Nf6 3.e3 g6 4.Bd3 Bg7 5.Nf3 O-O 6.O-O c6 7.b3 b5 8.Bb2 Qb6 9.Nbd2
Bg4 10.Kh1 Nbd7 11.Qe1 Bxf3 12.Rxf3 c5 13.c3 e6 14.Qh4 c4 15.Bc2 Qd8 16.g4 h5
17.g5 Nh7 18.Ba3 Re8 19.e4 Nb6 20.Rg1 Rc8 21.f5 dxe4 22.fxg6 exf3 23.gxf7+ 1-0

[Event "Campeonato de Aragón por Equipos 2008 "]
[Site "Aragón"]
[Date "2008.04.12"]
[Round "9.56"]
[White "Gella Bitrian Diego"]
[Black "Ainsa Ignacio"]
[Result "1-0"]
[WhiteElo "1844"]
[BlackElo "1935"]

1.e4 e6 2.d4 d5 3.Nd2 Nf6 4.e5 Nfd7 5.Bd3 c5 6.c3 Nc6 7.Ne2 cxd4 8.cxd4 Qb6 9.
Nf3 Bb4+ 10.Kf1 Nf8 11.g3 Bd7 12.Kg2 Rc8 13.Bd2 Ng6 14.Bc3 O-O 15.h4 Nge7 16.
Nf4 f6 17.exf6 gxf6 18.Qe2 Bxc3 19.bxc3 Nd8 20.Qc2 Rf7 21.Nh5 e5 22.Rab1 Qe6
23.dxe5 d4 24.exf6 Rxc3 25.fxe7 Qxe7 26.Qe2 Bc6 27.Nf4 Qf8 28.Rbc1 Rxf4 29.
gxf4 Qxf4 30.Bc4+ Kh8 31.Rxc3 dxc3 32.Rd1 Qg4+ 33.Kf1 Qh3+ 34.Ke1 Qh1+ 35.Qf1
Qxf3 36.Rxd8+ Kg7 37.Qg1+ Kf6 38.Rf8+ 1-0

[Event "Campeonato de Aragón por Equipos 2008 "]
[Site "Aragón"]
[Date "2008.04.12"]
[Round "9.57"]
[White "Aparicio Navarro Pedro Jose"]
[Black "Lucea Valero Alejandro"]
[Result "1/2-1/2"]
[WhiteElo "2196"]
[BlackElo "1965"]

1.d4 d5 2.c4 c6 3.Nf3 Nf6 4.Nc3 e6 5.Bg5 Be7 6.e3 Nbd7 7.cxd5 cxd5 8.Bd3 O-O
9.O-O Ne8 10.Bxe7 Qxe7 11.Rc1 Ndf6 12.Qb3 b6 13.a4 Nd6 14.Qb4 Nf5 15.Qxe7 Nxe7
16.Nb5 Ba6 17.Rc7 Ng6 18.Rfc1 Ne8 19.R7c3 Bxb5 20.Bxb5 a6 21.Bd3 Ne7 22.Ne5
Ra7 23.f3 b5 24.axb5 axb5 25.Bxb5 Nd6 26.Bd3 f6 27.Nc6 Nxc6 28.Rxc6 Rd8 29.Kf2
Kf7 30.Rc7+ Rd7 31.Rxd7+ Rxd7 32.Rc6 g6 33.e4 Ke7 34.Rb6 Rc7 35.g4 Rc1 36.Ra6
Rc7 37.Ra5 Rb7 38.Ra2 Kd7 39.h4 h6 40.exd5 exd5 41.Bxg6 Rb4 42.Ra7+ Ke6 43.Bh7
Rxb2+ 44.Kg3 Rb8 45.Kf4 Nb5 46.Ra6+ Ke7 47.Ke3 Rc8 48.Rb6 Nd6 49.Bd3 Rc3 50.
Kd2 Ra3 51.Ra6 Rb3 52.Ra7+ Ke6 53.Rh7 Nc4+ 54.Bxc4 dxc4 55.Rxh6 Rxf3 56.g5
Rd3+ 57.Kc2 Rxd4 58.Rxf6+ Ke7 59.Rh6 Kf7 60.Kc3 Rg4 1/2-1/2

[Event "Campeonato de Aragón por Equipos 2008 "]
[Site "Aragón"]
[Date "2008.04.12"]
[Round "9.58"]
[White "Carraminana Lopez Luis Antonio"]
[Black "Sanchez Moreno Jose Carlos"]
[Result "0-1"]
[WhiteElo "1958"]
[BlackElo "2019"]

1.e4 c5 2.Nf3 e6 3.d3 Nc6 4.g3 Nge7 5.Bg2 Ng6 6.c3 b6 7.O-O Ba6 8.Re1 Nge5 9.
d4 cxd4 10.Nxd4 Nxd4 11.cxd4 Nd3 12.Bf1 Nb4 13.Bxa6 Nxa6 14.Nc3 Bb4 15.Qe2 Nc7
16.Bf4 Bxc3 17.bxc3 O-O 18.Bd6 Re8 19.h4 f6 20.h5 Rc8 21.h6 g6 22.f4 Kf7 23.c4
Rg8 24.d5 Ne8 25.e5 Nxd6 26.exd6 Re8 27.Qd3 b5 28.dxe6+ Rxe6 29.Rxe6 dxe6 30.
cxb5 Qb6+ 31.Kh2 Qf2+ 32.Kh3 Rc2 33.Kg4 f5+ 34.Kg5 Qh2 35.Qf3 Qxh6+ 36.Kxh6
Rh2+ 0-1

[Event "Campeonato de Aragón por Equipos 2008 "]
[Site "Aragón"]
[Date "2008.04.12"]
[Round "9.59"]
[White "Martinez Crespo Juan"]
[Black "Minguez A"]
[Result "1/2-1/2"]
[WhiteElo "1896"]
[BlackElo "1952"]

1.e4 c5 2.Nf3 d6 3.d4 cxd4 4.Nxd4 Nf6 5.f3 a6 6.c4 e6 7.Nc3 Be7 8.Be3 O-O 9.
Qd2 Nc6 10.Be2 Qc7 11.O-O b6 12.Rac1 Bb7 13.Nd5 exd5 14.cxd5 b5 15.Nxc6
1/2-1/2

[Event "Campeonato de Aragón por Equipos 2008 "]
[Site "Aragón"]
[Date "2008.04.19"]
[Round "10.1"]
[White "Mirzoev Azer"]
[Black "Lorenzini Martin"]
[Result "1/2-1/2"]
[WhiteElo "2518"]
[BlackElo "2448"]

1.d4 d5 2.c4 e6 3.Nc3 Nf6 4.Bg5 Be7 5.e3 Nbd7 6.Nf3 O-O 7.Qc2 c5 8.dxc5 Nxc5
9.O-O-O Nfe4 10.Nxe4 Nxe4 11.Bxe7 Qxe7 12.Bd3 Nf6 13.cxd5 exd5 14.Kb1 Bg4 15.
h3 Bxf3 16.gxf3 Rfc8 17.Qa4 Rc5 18.Rhg1 b6 19.Qd4 g6 20.a3 Rac8 21.h4 R5c6 22.
Qf4 Kg7 23.Qg5 Ng8 24.f4 Qxg5 25.fxg5 Rc5 26.h5 gxh5 27.f4 Re8 28.Rg3 h4 29.
Rh3 h6 30.gxh6+ Nxh6 31.Re1 Kf6 32.Rxh4 Nf5 33.Rh5 Ng3 34.Rh6+ Ke7 35.Rd1 Rd8
36.Rh7 Rd6 37.Rg1 Ne4 38.Rgg7 Rf6 39.Bxe4 dxe4 40.Rh8 Rd6 41.Rgg8 Rd1+ 42.Ka2
Rc4 43.Re8+ Kf6 44.Rh6+ Kg7 45.Reh8 Rd3 46.f5 Rc6 47.R8h7+ Kg8 48.Rh8+ Kg7
1/2-1/2

[Event "Campeonato de Aragón por Equipos 2008 "]
[Site "Aragón"]
[Date "2008.04.19"]
[Round "10.2"]
[White "Martinez Asensio Juan"]
[Black "Martinez Martin David"]
[Result "0-1"]
[WhiteElo "2171"]
[BlackElo "2395"]

1.d4 Nf6 2.c4 d6 3.Nf3 g6 4.Nc3 Bg7 5.e4 O-O 6.Be2 e5 7.d5 Nbd7 8.Be3 Ng4 9.
Bd2 f5 10.Ng5 Ndf6 11.exf5 gxf5 12.h3 Nh6 13.g4 fxg4 14.hxg4 Nhxg4 15.Qc2 Nxf2
16.Rxh7 e4 17.Rxg7+ Kxg7 18.Be3 N6g4 19.Bxg4 Nxg4 20.Qg2 Qf6 21.Ne6+ Bxe6 22.
dxe6 Qf3 23.Bd4+ Kg8 24.Qxf3 exf3 25.Nd5 f2+ 26.Ke2 Rae8 27.Nxc7 Re7 0-1

[Event "Campeonato de Aragón por Equipos 2008 "]
[Site "Aragón"]
[Date "2008.04.19"]
[Round "10.3"]
[White "Fontana Sotomayour Luis Javier"]
[Black "Dominguez Bujeda Jesus"]
[Result "1-0"]
[WhiteElo "2332"]
[BlackElo "2095"]

1.e4 d5 2.exd5 Qxd5 3.Nc3 Qa5 4.d4 Nf6 5.Nf3 c6 6.Bd2 Bf5 7.Ne4 Qc7 8.Nxf6+
exf6 9.Nh4 Be6 10.Bd3 Nd7 11.O-O Nb6 12.Re1 O-O-O 13.c3 Bd6 14.g3 g6 15.Ng2 h5
16.Qf3 Nd7 17.Bf4 Bg4 18.Bxd6 Qxd6 19.Qf4 Qxf4 20.Nxf4 g5 21.Ng2 Be6 22.Ne3
Ne5 23.Be4 Ng4 24.Nf5 Nh6 25.Nxh6 Rxh6 26.f4 Rhh8 (26...Re8) 27.Bg2 h4 28.fxg5
fxg5 29.Re5 hxg3 30.hxg3 g4 31.b3 Rhe8 32.Rae1 Bd7 33.Rxe8 Rxe8 34.Rxe8+ Bxe8
35.Kf2 Kd7 36.Ke3 Ke7 37.Kf4 Bd7 38.Be4 Kf6 39.Bd3 b6 40.Be2 c5 41.Bxg4 Be8
42.Bf3 Ke7 43.dxc5 bxc5 44.Ke5 c4 45.b4 f6+ 46.Kd4 Bb5 47.Bd5 1-0

[Event "Campeonato de Aragón por Equipos 2008 "]
[Site "Aragón"]
[Date "2008.04.19"]
[Round "10.4"]
[White "Gomez Calomarde Saul"]
[Black "Cortes Lizano Jesus"]
[Result "0-1"]
[WhiteElo "1932"]
[BlackElo "2247"]

1.d4 d5 2.c4 c6 3.Nc3 Nf6 4.Bf4 dxc4 5.e3 b5 6.a4 Qb6 7.axb5 cxb5 8.b3 e6 9.
bxc4 Bb4 10.Qb3 bxc4 11.Bxc4 Ne4 12.Ne2 O-O 13.Rc1 Nc6 14.Qc2 Nxc3 15.Nxc3
Nxd4 16.Qe4 Bb7 17.Qxd4 Qxd4 18.exd4 Rfc8 19.O-O Rxc4 20.Nb5 Rxc1 21.Rxc1 a5
22.Nd6 Bd5 23.Rc7 a4 24.Rc8+ Rxc8 25.Nxc8 Ba3 26.Nb6 Bb3 27.d5 exd5 28.Be5 Bc1
29.Nd7 a3 30.Nc5 Bc2 31.Na6 Bb2 32.Nb4 Bxe5 33.Nxc2 a2 0-1

[Event "Campeonato de Aragón por Equipos 2008 "]
[Site "Aragón"]
[Date "2008.04.19"]
[Round "10.5"]
[White "Baron Rodriguez Jesus"]
[Black "Llorente Zaro Alfonso"]
[Result "1/2-1/2"]
[WhiteElo "2421"]
[BlackElo "2392"]

1.e4 e5 2.Nf3 Nc6 3.Bc4 Bc5 4.Nc3 Nf6 5.d3 d6 6.Bg5 h6 7.Bxf6 Qxf6 8.Nd5 Qd8
9.c3 Ne7 10.Qe2 Nxd5 11.Bxd5 c6 12.Bb3 Qf6 13.O-O-O Bg4 14.d4 Bxf3 15.Qxf3
Qxf3 16.gxf3 Bb6 17.Rhg1 g6 18.Rd3 Bd8 19.Kd2 Bg5+ 20.Ke2 Ke7 21.dxe5 dxe5 22.
Rgd1 Rhd8 23.Rxd8 Rxd8 24.Rxd8 Kxd8 25.Bxf7 Bf4 26.h4 g5 27.h5 Ke7 28.Bg6 Kd6
29.Kd3 b6 30.Be8 Bc1 31.b4 Bf4 32.a4 Bc1 33.Ke2 Bf4 1/2-1/2

[Event "Campeonato de Aragón por Equipos 2008 "]
[Site "Aragón"]
[Date "2008.04.19"]
[Round "10.6"]
[White "Remiro Juste Fernando Jose"]
[Black "Aguirre Izaguirre Pedro Jose"]
[Result "1/2-1/2"]
[WhiteElo "2335"]
[BlackElo "2272"]

1.c4 f5 2.d4 g6 3.Nc3 Nf6 4.Bg5 Bg7 5.h4 d6 6.Nh3 c6 7.Qd2 Qc7 8.Bxf6 Bxf6 9.
h5 e5 10.d5 Na6 11.O-O-O c5 12.g3 Qe7 13.Kb1 Bd7 14.Nb5 b6 15.e3 Kd8 16.f4 e4
17.Ng5 Nc7 18.hxg6 Bxg5 19.fxg5 Nxb5 20.cxb5 Kc7 21.gxh7 Qxg5 22.b4 Rae8 23.
bxc5 dxc5 24.d6+ Kb8 25.Bc4 Qxg3 26.Rdg1 Qe5 27.Rh6 f4 28.exf4 Qf5 29.Rg8 Rxh7
30.Rxe8+ Bxe8 31.Rxh7 Qxh7 32.Kb2 Qf5 33.Qd5 Qxf4 34.d7 Qh2+ 35.Kc1 Qf4+ 36.
Kb2 Qh2+ 37.Kc1 Qf4+ 1/2-1/2

[Event "Campeonato de Aragón por Equipos 2008 "]
[Site "Aragón"]
[Date "2008.04.19"]
[Round "10.7"]
[White "Forcen Esteban Daniel"]
[Black "Ramon Perez Jose Luis"]
[Result "1-0"]
[WhiteElo "2138"]
[BlackElo "2327"]

1.e4 c5 2.Nf3 d6 3.d4 cxd4 4.Nxd4 Nf6 5.Nc3 Nc6 6.Bg5 g6 7.Bxf6 exf6 8.Qd2 Bg7
9.Ndb5 O-O 10.Qxd6 f5 11.O-O-O Qb6 12.Qg3 fxe4 13.Nxe4 Bf5 14.Ned6 Be6 15.a3
a6 16.Nc3 Rfd8 17.Nc4 Qc5 18.Nd2 Rac8 19.Nde4 Rxd1+ 20.Nxd1 Qa5 21.Bd3 Nd4 22.
Nec3 b5 23.Qd6 Rd8 24.Qc5 Nb3+ 25.cxb3 Rxd3 26.b4 Qd8 27.Re1 Bh6+ 28.Kb1 Bd2
29.Re5 Bf4 30.Re1 Rd2 31.Ne3 Rxf2 32.Ned5 Rxg2 33.Nxf4 Rxb2+ 34.Kxb2 Qd2+ 35.
Kb1 Qxe1+ 36.Kc2 Bf5+ 37.Nd3 Qh4 38.Qe5 Qc4 39.Qe3 Be6 40.Nc1 h5 41.Kb2 Qf1
42.Qd2 Qc4 43.N3e2 Qe4 44.Nc3 Qc4 45.Qe3 Kg7 46.Ne4 Qf1 47.Nc5 Bc4 48.Qe5+ Kh7
49.Nxa6 Qf2+ 50.Ka1 Qg1 51.Qb2 f5 52.Qd2 h4 53.Nc5 h3 54.Qf4 Qg2 55.Nd7 Qc2
56.Qh4+ Kg7 57.Qe7+ Kh6 58.Qf8+ Kg5 59.Qf6+ Kh5 60.Qh8+ Kg5 61.Qd8+ Kh6 62.
Qh4+ Kg7 63.Qd4+ Kh6 64.Qf4+ Kg7 65.Ne5 Qc3+ 66.Kb1 Bd5 67.Ned3 Be4 68.Qe3 Kf6
69.Qxh3 f4 70.Qh8+ 1-0

[Event "Campeonato de Aragón por Equipos 2008 "]
[Site "Aragón"]
[Date "2008.04.19"]
[Round "10.8"]
[White "Lana Rodriguez David"]
[Black "Antolin Concha Diego"]
[Result "1-0"]
[WhiteElo "2177"]
[BlackElo "2055"]

1.e4 c5 2.Nc3 d6 3.Bb5+ Bd7 4.Bxd7+ Qxd7 5.d3 Nc6 6.Nge2 g6 7.Be3 Bg7 8.Qd2
Nd4 9.h3 b5 10.O-O e6 11.Nd1 Ne7 12.Nxd4 cxd4 13.Bh6 O-O 14.Bxg7 Kxg7 15.f4
Qc7 16.Qf2 Qc5 17.Qh4 Rae8 18.Nf2 f5 19.Rac1 b4 20.a3 bxa3 21.bxa3 e5 22.Rb1
Qc6 23.Rb4 h6 24.Rfb1 exf4 25.Qxf4 g5 26.Qd2 d5 27.Rb7 Kg6 28.Qa5 fxe4 29.Ng4
Qe6 30.Qxa7 Nc8 31.Qxd4 Nd6 32.R7b6 Rd8 33.Rc6 Kh5 34.dxe4 1-0

[Event "Campeonato de Aragón por Equipos 2008 "]
[Site "Aragón"]
[Date "2008.04.19"]
[Round "10.9"]
[White "Garza Marco Sergio"]
[Black "Adla Diego Gustavo"]
[Result "0-1"]
[WhiteElo "2373"]
[BlackElo "2491"]

1.d4 Nf6 2.c4 e6 3.Nf3 Bb4+ 4.Bd2 Qe7 5.g3 Nc6 6.Nc3 Bxc3 7.Bxc3 Ne4 8.Rc1 a5
9.Bg2 O-O 10.O-O Nxc3 11.Rxc3 d6 12.d5 Nb4 13.a3 Na6 14.dxe6 fxe6 15.Nd4 e5
16.Nc2 a4 17.Ne3 Nc5 18.Nd5 Qd8 19.Nb4 c6 20.Qd2 Bf5 21.Rd1 Rf6 22.Qe3 Qe7 23.
Nd3 Bxd3 24.exd3 Qf7 25.d4 exd4 26.Qxd4 Re8 27.Rc2 Rfe6 28.Qc3 Qf5 29.Kf1 Nd3
30.Kg1 Re1+ 31.Rxe1 Rxe1+ 32.Bf1 Qe4 33.Qa5 h6 34.Qd8+ Kh7 35.Qh4 Nf4 36.Qxf4
Qxc2 37.Qxd6 0-1

[Event "Campeonato de Aragón por Equipos 2008 "]
[Site "Aragón"]
[Date "2008.04.19"]
[Round "10.10"]
[White "Glavina Rossi Pablo"]
[Black "Lamas M"]
[Result "1/2-1/2"]
[WhiteElo "2459"]
[BlackElo "2246"]

1.Nf3 c5 2.g3 Nc6 3.Bg2 g6 4.O-O Bg7 5.d3 d6 6.a4 Nf6 7.Na3 O-O 8.e4 Rb8 9.Nc4
b6 10.e5 Ne8 11.exd6 Nxd6 12.Qe2 Bg4 13.c3 Nxc4 14.dxc4 Ne5 15.Rd1 Qc8 16.Bf4
Nxf3+ 17.Bxf3 Bxf3 18.Qxf3 Rb7 19.Qd5 e6 20.Qd6 Bf6 21.Be5 Bxe5 22.Qxe5 Rd8
23.Rxd8+ Qxd8 24.a5 bxa5 25.Qxc5 Rxb2 26.Qxa7 Qd2 27.Qd4 Qxd4 28.cxd4 Rd2 29.
Rxa5 Rxd4 30.Rc5 Kf8 31.Rc7 h5 32.h4 Rd2 33.c5 Rc2 34.c6 Kg7 35.Rc8 Kf6 36.Kg2
Rc3 37.Kf1 Rc2 38.Ke1 Ke5 39.Kd1 Rc5 40.Rc7 f5 41.Kd2 Kd6 42.Rg7 Rxc6 43.Rxg6
Ke5 44.Kd3 Rd6+ 45.Ke3 Ra6 46.Rh6 Ra3+ 47.Ke2 f4 48.Rxh5+ Ke4 49.gxf4 Ra2+ 50.
Kf1 Kxf4 51.Rh6 Kf3 52.Rf6+ Kg4 53.Rxe6 Kxh4 54.Rg6 Kh5 55.Rg3 Kh4 56.Kg2 Rb2
57.Ra3 Kg5 58.Kg3 Rb6 59.Ra5+ Kg6 60.Kg4 Kg7 61.f4 Rc6 62.Kg5 Rb6 63.Ra7+ Kf8
64.Ra5 Kf7 65.Rc5 Kg7 66.Re5 Rg6+ 67.Kf5 Rf6+ 68.Kg4 Ra6 69.Rg5+ Kf7 70.Kh5
Rb6 71.Ra5 Kf6 72.Kg4 Kf7 73.Ra7+ Kf8 1/2-1/2

[Event "Campeonato de Aragón por Equipos 2008 "]
[Site "Aragón"]
[Date "2008.04.19"]
[Round "10.11"]
[White "Llanes Luno Ricardo"]
[Black "Gomez Anadon Daniel"]
[Result "1/2-1/2"]
[WhiteElo "2233"]
[BlackElo "2315"]

1.e4 c5 2.Nf3 d6 3.d4 cxd4 4.Nxd4 Nf6 5.Nc3 a6 6.Be3 e5 7.Nb3 Be7 8.f3 Be6 9.
Qd2 Nbd7 10.O-O-O b5 11.g4 h6 12.Rg1 b4 13.Nd5 Bxd5 14.exd5 Nb6 15.g5 hxg5 16.
Na5 Nbxd5 17.Nc6 Qc7 18.Nxe7 Nxe3 19.Qxe3 Rxh2 20.Bd3 Qxe7 21.Qxg5 Nh5 22.Qg4
Qh4 23.Qf5 g6 24.Rxg6 fxg6 25.Qxg6+ Kf8 26.Qxd6+ Qe7 27.Qh6+ Qg7 28.Qd6+ Qe7
29.Qh6+ Qg7 30.Qd6+ 1/2-1/2

[Event "Campeonato de Aragón por Equipos 2008 "]
[Site "Aragón"]
[Date "2008.04.19"]
[Round "10.12"]
[White "Moreno Gracia Daniel"]
[Black "Campo Millan Diego"]
[Result "1-0"]
[WhiteElo "2188"]
[BlackElo "2089"]

1.c4 e5 2.Nc3 Nc6 3.g3 g6 4.Bg2 Bg7 5.Nf3 d6 6.O-O f5 7.d3 h6 8.Rb1 Nf6 9.b4
O-O 10.b5 Ne7 11.c5 Be6 12.Ba3 Ned5 13.Nxd5 Nxd5 14.Qc2 e4 15.dxe4 Nc3 16.Rbe1
fxe4 17.Nd2 e3 18.fxe3 Qg5 19.cxd6 cxd6 20.Qd3 Rxf1+ 21.Rxf1 Nxb5 22.Ne4 Qe5
23.Nf6+ Bxf6 24.Qxg6+ Bg7 25.Be4 Bf5 26.Bxf5 Nxa3 27.Be4 1-0

[Event "Campeonato de Aragón por Equipos 2008 "]
[Site "Aragón"]
[Date "2008.04.19"]
[Round "10.13"]
[White "Del Rey Diego"]
[Black "Colas Longares Rafael P"]
[Result "0-1"]
[WhiteElo "2382"]
[BlackElo "2328"]

1.e4 c5 2.Nf3 d6 3.Bb5+ Nd7 4.O-O a6 5.Bxd7+ Bxd7 6.Re1 e5 7.d3 h6 8.c3 Be7 9.
d4 Qc7 10.Na3 Nf6 11.dxe5 dxe5 12.Nc4 Ng4 13.a4 O-O 14.Nb6 Rad8 15.Nd5 Qd6 16.
Nd2 Bh4 17.g3 Bf6 18.Nc4 Qe6 19.f4 exf4 20.gxf4 Nf2 21.Kxf2 Bh4+ 22.Kf1 Bxe1
23.Qxe1 f5 24.Ncb6 fxe4 25.Qg3 Be8 26.c4 Bh5 27.Be3 Qf7 28.Bxc5 Rfe8 29.Ra3
Bf3 30.Bg1 Re6 31.f5 Bh5 32.Ke1 Rc6 33.Re3 Rxc4 34.Nxc4 Rxd5 35.Nd6 Qc7 36.Rc3
Qd7 37.Rc8+ Kh7 38.Rd8 Qc7 39.Be3 Rd1+ 40.Kf2 Qc2+ 0-1

[Event "Campeonato de Aragón por Equipos 2008 "]
[Site "Aragón"]
[Date "2008.04.19"]
[Round "10.14"]
[White "Garcia Vicente Nieves"]
[Black "Fernandez Lopez Felix"]
[Result "1-0"]
[WhiteElo "2219"]
[BlackElo "2316"]

1.d4 g6 2.c4 Bg7 3.e4 d6 4.Nc3 Nc6 5.d5 Nd4 6.Be3 c5 7.Nge2 Nxe2 8.Bxe2 Nf6 9.
h3 O-O 10.Qd2 Re8 11.O-O e6 12.dxe6 Rxe6 13.Bf3 Bd7 14.Rad1 Bc6 15.Bxc5 Nxe4
16.Bxe4 Bxe4 17.Bd4 Bxd4 18.Qxd4 Bc6 19.Nd5 Bxd5 20.Qxd5 Qb6 21.Rd2 Rae8 22.b3
Re2 23.Qd3 Rxd2 24.Qxd2 1-0

[Event "Campeonato de Aragón por Equipos 2008 "]
[Site "Aragón"]
[Date "2008.04.19"]
[Round "10.15"]
[White "Chueca Forcen Alberto"]
[Black "Ferrer Serrano Roberto"]
[Result "1/2-1/2"]
[WhiteElo "2283"]
[BlackElo "2203"]

1.d4 d5 2.c4 e6 3.Nc3 Be7 4.Nf3 Nf6 5.Bg5 O-O 6.e3 Nbd7 7.cxd5 exd5 8.Bd3 c5
9.Rc1 cxd4 10.Nxd4 Nc5 11.Bb1 Nce4 12.Nxe4 Nxe4 13.Bxe7 Qxe7 14.O-O Be6 15.
Nxe6 Qxe6 16.Qd4 b6 17.h3 Rac8 18.Rfd1 Nf6 19.a3 Rxc1 20.Rxc1 Rc8 21.Rd1 Rc4
22.Qd3 Qe5 23.Qd2 g6 24.Bd3 Rc5 25.b4 Rc3 26.Qb2 Kg7 27.Rd2 Qc7 28.Rc2 Rxc2
29.Bxc2 Qc4 30.Bb3 Qd3 31.Qc2 Qb5 32.Qc3 Qd7 33.g4 h6 34.f4 g5 35.fxg5 hxg5
36.Qe5 Kg6 37.Bc2+ Ne4 38.Bxe4+ dxe4 39.Qxe4+ Kh6 40.Qd4 Qe6 41.Qh8+ Kg6 42.
Qh5+ Kf6 43.Qh6+ Ke7 44.Qxg5+ Kf8 45.Qd8+ Kg7 46.Qd4+ Kf8 47.Qd3 a5 48.Kg2 a4
49.g5 Qb3 50.Qd8+ Kg7 51.Qf6+ Kg8 52.Kf3 Qxa3 53.Qd8+ Kg7 54.Qd4+ Kg8 55.Qxb6
Qb3 56.Qd8+ Kg7 57.Qf6+ Kg8 58.h4 Qd1+ 59.Ke4 Qh1+ 60.Kd3 Qb1+ 61.Kc4 Qb3+ 62.
Kb5 a3 63.Qd8+ Kh7 64.h5 1/2-1/2

[Event "Campeonato de Aragón por Equipos 2008 "]
[Site "Aragón"]
[Date "2008.04.19"]
[Round "10.16"]
[White "Naval Vidiella Juan Luis"]
[Black "Hernando Garcia Antonio"]
[Result "1/2-1/2"]
[WhiteElo "1704"]
[BlackElo "2212"]

1.e4 d5 2.exd5 Qxd5 3.Nc3 Qd8 4.d4 c6 5.h3 Bf5 6.Nf3 e6 7.Bc4 Nd7 8.a3 Ngf6 9.
Bf4 Be7 10.O-O O-O 11.Re1 Rc8 12.Bb3 h6 13.Qe2 Re8 14.Rad1 Nd5 15.Nxd5 cxd5
16.Ba4 a6 17.Rc1 b5 18.Bb3 Qb6 19.c3 a5 20.Ne5 Nxe5 21.Bxe5 Red8 22.Bc2 Bxc2
23.Rxc2 Bd6 24.Qg4 Bxe5 25.Rxe5 b4 26.axb4 axb4 27.Qe2 Rc4 28.Re3 Rdc8 29.Rd3
R8c6 30.Kh1 Qc7 31.Qd2 Kf8 32.Rc1 Ke7 33.Rg3 g5 34.Rf3 bxc3 35.Rcxc3 Ra6 36.g3
Rxc3 37.bxc3 Ra1+ 38.Kg2 Qa5 39.Qb2 Qa6 40.Qb4+ Qd6 41.Qb7+ Qd7 42.Qb4+ Ke8
43.Qb8+ Ke7 44.Qb4+ Ke8 45.Qb8+ Qd8 46.Qxd8+ Kxd8 47.Rxf7 Rc1 48.Rf3 1/2-1/2

[Event "Campeonato de Aragón por Equipos 2008 "]
[Site "Aragón"]
[Date "2008.04.20"]
[Round "11.1"]
[White "Colas Longares Rafael P"]
[Black "Mirzoev Azer"]
[Result "0-1"]
[WhiteElo "2328"]
[BlackElo "2518"]

1.e4 Nf6 2.e5 Nd5 3.d4 d6 4.Nf3 dxe5 5.Nxe5 c6 6.Nd2 Nd7 7.Ndf3 Nxe5 8.Nxe5 g6
9.Qf3 Be6 10.Bc4 Bg7 11.O-O O-O 12.c3 c5 13.dxc5 Bxe5 14.Rd1 Qc7 15.Bxd5 Bxd5
16.Rxd5 e6 17.Rd1 Bxh2+ 18.Kh1 Be5 19.Be3 h5 20.Qe4 Rfd8 21.Bg5 Rxd1+ 22.Rxd1
Qxc5 23.f4 Bc7 24.Qxb7 Rb8 25.Qa6 Kg7 26.Qe2 Qf5 27.Rd7 Bxf4 28.Bxf4 Qxf4 29.
Rxa7 Rd8 30.Qf3 Qxf3 31.gxf3 Rd1+ 32.Kg2 Rd2+ 33.Kg1 Rxb2 34.a4 Rb3 35.c4 Rb4
36.c5 Rc4 37.Ra5 Kf6 38.Kf2 g5 0-1

[Event "Campeonato de Aragón por Equipos 2008 "]
[Site "Aragón"]
[Date "2008.04.20"]
[Round "11.2"]
[White "Martinez Martin David"]
[Black "Garcia Vicente Nieves"]
[Result "1/2-1/2"]
[WhiteElo "2395"]
[BlackElo "2219"]

1.c4 e6 2.Nc3 d5 3.cxd5 exd5 4.d4 Nf6 5.Bg5 c6 6.Qc2 Na6 7.a3 Nc7 8.e3 Ne6 9.
Bh4 Be7 10.Bd3 g6 11.Nge2 Nh5 12.Bxe7 Qxe7 13.O-O-O Neg7 14.h3 Be6 15.g4 Nf6
16.Ng3 O-O-O 17.Kb1 Kb8 18.Na4 h5 19.g5 Nfe8 20.h4 Nd6 21.Nc5 Bg4 22.Rc1 Ngf5
23.Nxf5 Bxf5 24.Bxf5 Nxf5 25.Nd3 Qe4 26.Ne5 Qxc2+ 27.Kxc2 Rhf8 28.Kd3 Rd6 29.
b4 Ne7 30.f3 f6 31.gxf6 Rfxf6 32.e4 a6 33.Ke3 Rd8 34.Rhg1 Kc7 35.Rg3 Rdf8 36.
Rcg1 Rf4 37.Rh3 dxe4 38.fxe4 Rf2 39.Rf3 R8xf3+ 40.Nxf3 Ra2 41.Ne5 Rxa3+ 42.Kf4
Rb3 43.Nxg6 Nxg6+ 44.Rxg6 Rxb4 45.Ke5 b5 46.d5 cxd5 47.Kxd5 a5 48.Rg7+ Kb6 49.
Rg6+ Kc7 50.Rg7+ Kb6 51.Rg6+ 1/2-1/2

[Event "Campeonato de Aragón por Equipos 2008 "]
[Site "Aragón"]
[Date "2008.04.20"]
[Round "11.3"]
[White "Ferrer Serrano Roberto"]
[Black "Fontana Sotomayour Luis Javier"]
[Result "0-1"]
[WhiteElo "2203"]
[BlackElo "2332"]

1.d4 Nf6 2.Nf3 e6 3.c4 c5 4.g3 cxd4 5.Nxd4 d5 6.Bg2 e5 7.Nf3 d4 8.O-O Nc6 9.b4
e4 10.Ng5 Bxb4 11.Nxe4 Nxe4 12.Bxe4 Bh3 13.Bg2 Bxg2 14.Kxg2 O-O 15.Bb2 Re8 16.
a3 Ba5 17.Ra2 Qe7 18.Ba1 Rad8 19.Qb3 h5 20.Rd1 h4 21.Qf3 Qe6 22.Rb2 h3+ 23.Kg1
Bc3 24.Ra2 0-1

[Event "Campeonato de Aragón por Equipos 2008 "]
[Site "Aragón"]
[Date "2008.04.20"]
[Round "11.4"]
[White "Cortes Lizano Jesus"]
[Black "Cabrera Moreno Daniel"]
[Result "0-1"]
[WhiteElo "2247"]
[BlackElo "2184"]

1.c4 Nf6 2.Nf3 e6 3.Nc3 d5 4.d4 Be7 5.e3 O-O 6.Be2 c5 7.cxd5 Nxd5 8.e4 Nxc3 9.
bxc3 cxd4 10.cxd4 Bb4+ 11.Bd2 Bxd2+ 12.Qxd2 Nd7 13.O-O Nf6 14.Bd3 h6 15.Rfe1
b6 16.Rad1 Bb7 17.Bb1 Re8 18.Qf4 Rc8 19.d5 exd5 20.e5 Qc7 21.Nd4 Ne4 22.Nb5
Qxe5 23.Qxe5 Rxe5 24.Nd6 Nxd6 25.Rxe5 Kf8 26.Rde1 Re8 27.f4 Ne4 28.Rxe8+ Kxe8
29.Bxe4 dxe4 30.Kf2 Ke7 31.Ke3 Kd6 32.Rd1+ Bd5 33.Kd4 f5 34.a3 g6 35.g3 h5 36.
h3 Bc6 37.Kc4+ Kc7 38.Rg1 Kd6 39.Rd1+ Kc7 40.Rd2 Bb7 41.Kb5 a6+ 42.Kc4 Bc6 43.
Rb2 Bb5+ 44.Kd5 e3 45.Ke6 e2 46.Rc2+ Kb7 47.Rc1 Ba4 48.Re1 Bd1 49.Kd6 b5 50.
Kc5 Kc7 51.Rg1 Kd7 52.Re1 Ke6 53.Rh1 a5 54.Kxb5 Kd5 55.Kxa5 Ke4 56.Kb4 Kf3 57.
Kc3 Kg2 58.Re1 Kxh3 59.Kd2 Kxg3 60.Ke3 Kg2 61.a4 Bxa4 62.Rxe2+ Kg3 63.Re1 Bc6
64.Rc1 Bg2 65.Rc7 h4 66.Rg7 Bf3 67.Rxg6+ Bg4 68.Rb6 h3 69.Rb1 h2 0-1

[Event "Campeonato de Aragón por Equipos 2008 "]
[Site "Aragón"]
[Date "2008.04.20"]
[Round "11.5"]
[White "Adla Diego Gustavo"]
[Black "Baron Rodriguez Jesus"]
[Result "1/2-1/2"]
[WhiteElo "2491"]
[BlackElo "2421"]

1.c4 e6 2.g3 d5 3.d4 dxc4 4.Qa4+ Bd7 5.Qxc4 Bc6 6.Nf3 Bxf3 7.exf3 Nc6 8.Be3
Bb4+ 9.Nc3 Nge7 10.Bg2 Qd5 11.Qd3 Ne5 12.Qe2 Qc4 13.Qxc4 Nxc4 14.Ke2 O-O-O 15.
Rhc1 Nxb2 16.Rab1 Bxc3 17.Rxc3 Na4 18.Ra3 Nd5 19.Bd2 Nab6 20.Rxa7 Kd7 21.a4
Ra8 22.Rxa8 Rxa8 23.a5 Nc4 24.Rxb7 Nxd2 25.Kxd2 Rxa5 26.Rb2 Ra4 27.Kd3 Ra3+
28.Kd2 g5 29.f4 gxf4 30.Bxd5 exd5 31.Ke2 f3+ 32.Kd2 Ke6 33.Rb7 Kd6 34.Rb8 h5
35.Rh8 Ra2+ 36.Ke3 Re2+ 37.Kxf3 Re4 38.Rh6+ Ke7 39.Rc6 Kd7 40.Rf6 Rxd4 41.
Rxf7+ Kd6 42.Rf6+ Kd7 43.Rf7+ Kd6 44.Rf6+ Ke7 45.Rf4 Rxf4+ 46.Kxf4 Kf6 47.h4
c5 48.f3 c4 49.g4 hxg4 1/2-1/2